| 000 | 00426nam a22001217a 4500 | ||
|---|---|---|---|
| 005 | 20260629131719.0 | ||
| 100 |
_aAhmer Hassan _a21-MCSE-02 _aSupervisor - Prof.Dr. Fareed Ahmed Jokhio _91033 |
||
| 245 | _aPredicting Karachi's Climate Patterns A Comparative LSTM and SVM Analysis ( Thesis MS) | ||
| 260 |
_aNawabshah _bQUEST _c2025 |
||
| 300 | _a82p. | ||
| 700 |
_aDepartment of Computer Systems Engineering _9952 |
||
| 942 | _cTHESIS | ||
| 999 |
_c69090 _d69087 |
||